000 00678nam a22002177a 4500
003 UA-OsUOA
001 136428
007 ta
008 20190325b un ||||| |||| 00| 0 ukr d
100 _aАнтоник О.
090 _a02
_bА72
942 _cSA
040 _aUA-OsUOA
_bukr
_cUA-OsUOA
_dUA-OsUOA
245 _aКнижкова культура як об'єкт книгознавчого дискурсу і міждисциплінарного діалогу
300 _aС.3-12
955 _a0
041 _aukr
080 _a02
773 0 _w136427
_tБібліотечний вісник
_dК.
_d2019
_g1
650 7 _a02 Бібліотечна справа
_2UDC
999 _c409338
_d409338